Návštevník z USA chcel prehliadku Lunika IX v informačných centrách šli na dračku hokejové i košické suveníry

Podrobná bibliografia
Hlavní autori: Hajduková, Michaela (Author), Zajacová, Lenka (Interviewer)
Médium: Článok
Jazyk:Slovak
Témy:
Zdroj: 1. Košický večer. Korzár 1. Roč. XXI (43), č. 19 (2011), s. 2 1. 1336-5320
LEADER 01098nab#a2200349#ar4500
001 000110280
003 SVKKK
005 20130425110719.0
008 130425c2011 xo |||||||||||||||b|slo
FMT
038 |a SVKKK 
040 |a SVKKK  |b slo  |e AACR2 
041 0 |a slo 
044 |a xo  |c SK 
080 |a 338.48-61  |x (437.6)  |2 2008 
100 1 |a Hajduková, Michaela  |4 ivr  |4 aut 
245 1 0 |a Návštevník z USA chcel prehliadku Lunika IX  |b v informačných centrách šli na dračku hokejové i košické suveníry  |c Michaela Hajduková, Lenka Zajacová 
300 |b Fotogr. 
610 2 4 |a Košice-Turizmus (združenie : Slovensko) 
610 2 4 |a Mestské informačné centrum (Košice, Slovensko) 
650 0 4 |a turistika  |x zahraniční turisti 
650 0 4 |a cestovný ruch 
650 0 4 |a informačné centrá 
650 0 4 |a turistické centrá 
651 4 |a Košice (Slovensko) 
700 1 |a Zajacová, Lenka  |4 ive  |4 aut 
773 0 |t Košický večer. Korzár  |g Roč. XXI (43), č. 19 (2011), s. 2  |x 1336-5320 
974 |a MI 
992 |a RBX 
BAS
852 |a SVKKK  |b BIB 
998 |a REG